Glossario calcistico - Quiz n°5 - Statistics

Statistiche generali
  • Questo quiz è stato fatto 23 volte
  • Il punteggio medio è 9 su 15
Statistiche sulle risposte
Definizione Risposta % Corretto
Calciatore con compiti prettamente difensivi Difensore
100%
Partita giocata uno o più giorni prima del regolare calendario Anticipo
95%
Questo titolo giornalistico è associato alla squadra che al termine del girone d'andata si trova in testa alla classifica del campionato. Campione d'inverno
90%
Ufficiale di gara che ha il compito di controllare le panchine, segnalare le sostituzioni, verificare la regolarità dell'equipaggiamento del giocatore che entra e comunicare, tramite un apposito display elettronico, i minuti di recupero. Può sostituire l'arbitro, in caso di malessere o infortunio di quest'ultimo Quarto uomo
90%
Giocatore preposto a ruoli offensivi Attaccante
86%
Cerchio rotondo disegnato nell'area di rigore a undici metri in perpendicolare al centro della linea di porta; è il punto dal quale si batte il calcio di rigore. Altro esempio segnato sul campo è quello di centrocampo Dischetto
81%
Calcio piazzato battuto dalla squadra avversaria rispetto a quella che ha commesso un'infrazione Calcio di punizione
76%
Gesto tecnico consistente nel superare l'avversario con la palla al piede grazie ad una rapida mossa atta a disorientarlo Dribbling
76%
Statistica che registra, in percentuale, il possesso del pallone da parte di una squadra nel corso della partita Possesso palla
76%
Chiamata anche "elenco di gara", è l'elenco delle persone autorizzate a risiedere entro il recinto di gioco: comprende calciatori, titolari e di riserva; allenatori, dirigente accompagnatore ufficiale, medico sociale ed altre eventuali figure Distinta
48%
Gol non immediatamente convalidabile, per la difficoltà nel determinare se la palla abbia varcato la linea di porta Gol fantasma
38%
Usato prevalentemente nei paesi di lingua spagnola, è la marcatura realizzata direttamente da calcio d'angolo Gol olimpico
33%
Termine che può riferirsi sia a un modulo di gioco sia a un particolare modo di coordinare i movimenti in una situazione di gioco (per es. su calcio di punizione può comprendere degli spostamenti dei calciatori atti a liberare un compagno per un tiro più agevole) Schema
33%
In Italia, il criterio ponderato coniato dalla Federazione Italiana Giuoco Calcio (FIGC) relativo al numero di partecipazioni ai diversi campionati nazionali ed ai titoli vinti dai club nelle competizioni ufficiali Tradizione sportiva
5%
Termine riferito al gioco messo in atto da una formazione, spesso di smaccato stampo difensivista, mirato a ottenere la vittoria con un gioco efficace ma poco spettacolare e improntato a ridurre le opzioni di gioco avversarie più che a crearne di proprie Anticalcio
0%
Nessun quiz corrispondente trovato
Distribuzione punteggi
Percentuale di utenti per punteggio
Percentile per numero di risposta
I tuoi punteggi nel tempo
Non hai fatto questo quiz